000
00243nam a22001097a 4500
999
_c
161052
_d
161052
082
_a
_b
100
_a
Coomaraswamy
245
_a
Essense of the vedas/
_c
by Coomaraswamy.
260
_a
New Delhi:
_b
Radha,
_c
1995.
650
_a
942
_c
BK